000 01807cam a2200349 a 4500
003 EG-GiCUC
005 20250223030741.0
008 130120s2012 ua dh f m 000 0 eng d
040 _aEG-GiCUC
_beng
_cEG-GiCUC
041 0 _aeng
049 _aDeposite
097 _aPh.D
099 _aCai01.24.12.Ph.D.2012.Ab.U
100 0 _aAbeer Mohamed Salah Eldin Khalil
245 1 0 _aUtilization of nanopartilces for nonlinear optical materials to be used in photonic devices /
_cAbeer Mohamed Salah Eldin Khalil ; Supervised Yehia Badr , Salah Hasab Elnabi , Iftitan Azzouz
246 1 5 _aإستخدام الجسيمات النانومترية كمواد لاخطية لإستخدامها فى الأجهزة الفوتونية
260 _aCairo :
_bAbeer Mohamed Salah Eldin Khalil ,
_c2012
300 _a168P. :
_bcharts , facsimiles ;
_c25cm
502 _aThesis (Ph.D.) - Cairo University - National Institute of Laser Enhanced - Department of Laser Science and Interaction
520 _aNano - photonics are an exciting area of research which may find tremendous technological applications by tuning the optical properties of nanoparticles (NPs) via tailoring their size , shapes and composition to suit any application . In this work , preparations and characterization of differtent NPs of different sizes and forms , such as solution , composite and thin films were carried out
530 _aIssued also as CD
653 4 _aNanopartilces
653 4 _aNonlinear optical materials
653 4 _aOpen - aperture Z scan
700 0 _aIftitan Azzouz ,
_eSupervisor
700 0 _aSalah Hasab Elnabi ,
_eSupervisor
700 0 _aYehia Badr ,
_eSupervisor
856 _uhttp://172.23.153.220/th.pdf
905 _aFatma
_eCataloger
905 _aNazla
_eRevisor
942 _2ddc
_cTH
999 _c41168
_d41168